[Event "Verbandsliga Suedbaden 2223"]
[Site "Germany"]
[Date "2022.10.16"]
[Round "2.6"]
[White "Herbrechtsmeier, Christof"]
[Black "Toedter, Carsten"]
[Result "1/2-1/2"]
[WhiteElo "2279"]
[BlackElo "1953"]
[PlyCount "47"]
[EventDate "2022.09.25"]
[EventType "team-tourn"]
[EventRounds "9"]
[EventCountry "GER"]
[SourceTitle "EXT 2024"]
[Source "ChessBase"]
[SourceDate "2023.10.10"]
[SourceVersion "1"]
[SourceVersionDate "2023.10.10"]
[SourceQuality "1"]
[WhiteTeam "Emmendingen"]
[BlackTeam "Dreilaendereck"]
[WhiteTeamCountry "GER"]
[BlackTeamCountry "GER"]

1. e4 c6 2. d4 d5 3. exd5 cxd5 4. Bd3 Nc6 5. c3 Qc7 6. h3 Nf6 7. Nf3 e6 8. 0-0 Be7 9. Re1 0-0 10. Be3 a6 11. a4 Rb8 12. Nbd2 b5 13. axb5 axb5 14. b4 Bd6 15. Qe2 Bd7 16. Bg5 Ne8 17. Ne5 Nxe5 18. dxe5 Bxe5 19. Be7 Bxc3 20. Rac1 Rc8 21. Bxf8 Kxf8 22. Nb1 d4 23. Nxc3 dxc3 24. Rc2 1/2-1/2

[Event "Oberliga Baden 2122"]
[Site "Germany"]
[Date "2022.06.18"]
[Round "6.8"]
[White "Ptak, Ferdinand"]
[Black "Herbrechtsmeier, Christof"]
[Result "1-0"]
[WhiteElo "2002"]
[BlackElo "2159"]
[PlyCount "58"]
[EventDate "2021.10.10"]
[EventType "team-tourn"]
[EventRounds "11"]
[EventCountry "GER"]
[SourceTitle "EXT 2023"]
[Source "ChessBase"]
[SourceDate "2022.10.05"]
[SourceVersion "1"]
[SourceVersionDate "2022.10.05"]
[SourceQuality "1"]
[WhiteTeam "Hockenheim"]
[BlackTeam "Emmendingen"]
[WhiteTeamCountry "GER"]
[BlackTeamCountry "GER"]

1. g3 Nf6 2. c4 g6 3. Bg2 d5 4. cxd5 Nxd5 5. Nf3 Bg7 6. 0-0 0-0 7. Nc3 Nc6 8. d4 Nb6 9. d5 Na5 10. Qc2 Nxd5 11. Rd1 c6 12. e4 Nb4 13. Qa4 b5 14. Rxd8 bxa4 15. Rxf8+ Kxf8 16. Nxa4 Nc4 17. Bf1 Nd6 18. Bd2 Rb8 19. a3 Nc2 20. Rc1 Nd4 21. Nxd4 Bxd4 22. Bd3 f5 23. exf5 gxf5 24. b4 Nb5 25. Rxc6 Bd7 26. Bxb5 Rxb5 27. Rc7 Rd5 28. Bh6+ Kf7 29. Nc5 Bb5 1-0

[Event "WchT Seniors 65"]
[Site "Prague"]
[Date "2020.03.11"]
[Round "6.4"]
[White "Thoele, Wolfgang"]
[Black "Herbrechtsmeier, Christof"]
[Result "0-1"]
[WhiteElo "1875"]
[BlackElo "2177"]
[PlyCount "88"]
[EventDate "2020.03.06"]
[EventType "team-swiss"]
[EventRounds "7"]
[EventCountry "CZE"]
[SourceTitle "CBM 195 Extra"]
[Source "ChessBase"]
[SourceDate "2020.05.31"]
[SourceVersion "1"]
[SourceVersionDate "2020.05.31"]
[SourceQuality "1"]
[WhiteTeam "Germany 65 IX"]
[BlackTeam "Germany 65 III"]
[WhiteTeamCountry "GER"]
[BlackTeamCountry "GER"]

1. e4 c5 2. Nc3 Nc6 3. d3 e6 4. g3 Nf6 5. Bg2 Be7 6. Nf3 d5 7. 0-0 0-0 8. Bf4 Qb6 9. b3 Rd8 10. e5 Nd7 11. Re1 Nf8 12. d4 Nxd4 13. Nxd4 cxd4 14. Na4 Qc7 15. Qxd4 Bd7 16. Nc3 Bc5 17. Qd3 Qb6 18. Nd1 Bb5 19. Qf3 Rd7 20. Nb2 Ba3 21. Bc1 Qa5 22. Qd1 Bb4 23. Re3 Rc8 24. Bf1 Bxf1 25. Kxf1 Bc3 26. a3 b5 27. Ra2 Ng6 28. Nd3 Qc7 29. Bb2 Qb7 30. Re2 d4 31. Kg1 a5 32. f4 Qd5 33. a4 b4 34. Bxc3 dxc3 35. Qf1 Ne7 36. Qg2 Nf5 37. Qxd5 Rxd5 38. Kf2 Rcd8 39. Ke1 Nd4 40. Re3 Nxc2+ 41. Rxc2 Rxd3 42. Rxd3 Rxd3 43. Ke2 Rd5 44. Ke3 Rd1 0-1

[Event "EUR-chT Seniors 65"]
[Site "Mali Losinj"]
[Date "2019.09.26"]
[Round "9.3"]
[White "Herbrechtsmeier, Christof"]
[Black "Titz, Heimo"]
[Result "1-0"]
[WhiteElo "2210"]
[BlackElo "1971"]
[PlyCount "37"]
[EventDate "2019.09.18"]
[EventType "team-swiss"]
[EventRounds "9"]
[EventCountry "CRO"]
[SourceTitle "EXT 2020"]
[Source "ChessBase"]
[SourceDate "2019.10.17"]
[SourceVersion "1"]
[SourceVersionDate "2019.10.17"]
[SourceQuality "1"]
[WhiteTeam "Germany 65"]
[BlackTeam "Austria 65"]
[WhiteTeamCountry "GER"]
[BlackTeamCountry "AUT"]

1. e4 c5 2. Nf3 Nc6 3. d4 cxd4 4. Nxd4 e6 5. Nc3 Qc7 6. Be2 Nf6 7. 0-0 a6 8. Be3 Nxd4 9. Qxd4 Bd6 10. f4 e5 11. Qd2 exf4 12. Bxf4 Bxf4 13. Rxf4 0-0 14. Raf1 Qc5+ 15. Kh1 d6 16. Rxf6 gxf6 17. Nd5 Kg7 18. b4 Qa7 19. Qc3 1-0

[Event "EUR-chT Seniors 65"]
[Site "Mali Losinj"]
[Date "2019.09.22"]
[Round "5.2"]
[White "Herbrechtsmeier, Christof"]
[Black "Hohler, Peter"]
[Result "1-0"]
[WhiteElo "2210"]
[BlackElo "2047"]
[PlyCount "105"]
[EventDate "2019.09.18"]
[EventType "team-swiss"]
[EventRounds "9"]
[EventCountry "CRO"]
[SourceTitle "EXT 2020"]
[Source "ChessBase"]
[SourceDate "2019.10.17"]
[SourceVersion "1"]
[SourceVersionDate "2019.10.17"]
[SourceQuality "1"]
[WhiteTeam "Germany 65"]
[BlackTeam "Switzerland 65"]
[WhiteTeamCountry "GER"]
[BlackTeamCountry "SUI"]

1. e4 e5 2. Nf3 Nc6 3. Bb5 a6 4. Ba4 Nf6 5. 0-0 b5 6. Bb3 Bb7 7. c3 Nxe4 8. d4 exd4 9. Re1 d5 10. Ng5 Qd7 11. f3 h6 12. Nxf7 Qxf7 13. fxe4 Ne7 14. exd5 Bxd5 15. cxd4 0-0-0 16. Nc3 Qg6 17. Nxd5 Nxd5 18. Qf3 c6 19. Bd2 Bd6 20. Bxd5 cxd5 21. Qh3+ Kb7 22. Ba5 Rde8 23. Qd7+ Kb8 24. Rac1 Rc8 25. Kh1 Bf4 26. Rxc8+ Rxc8 27. Qxd5 Re8 28. Rf1 Qd3 29. Ra1 Qe4 30. Qf7 g5 31. Qf6 Qe6 32. Qxe6 Rxe6 33. g3 Bc7 34. Re1 Rxe1+ 35. Bxe1 Kb7 36. d5 Be5 37. b3 Kc7 38. Bb4 Bd6 39. Ba5+ Kd7 40. Kg2 g4 41. Bd2 h5 42. Kf2 Bc5+ 43. Be3 Be7 44. Bf4 Bc5+ 45. Ke2 Ke7 46. Be3 Bd6 47. Kd3 Kf6 48. Ke4 Bb8 49. Bd4+ Kg6 50. Be5 Ba7 51. d6 Kf7 52. Kf5 Bg1 53. Bf6 1-0

[Event "EUR-chT Seniors 65"]
[Site "Mali Losinj"]
[Date "2019.09.21"]
[Round "4.3"]
[White "Hewson, Brian Wr"]
[Black "Herbrechtsmeier, Christof"]
[Result "1/2-1/2"]
[WhiteElo "2074"]
[BlackElo "2210"]
[PlyCount "61"]
[EventDate "2019.09.18"]
[EventType "team-swiss"]
[EventRounds "9"]
[EventCountry "CRO"]
[SourceTitle "EXT 2020"]
[Source "ChessBase"]
[SourceDate "2019.10.17"]
[SourceVersion "1"]
[SourceVersionDate "2019.10.17"]
[SourceQuality "1"]
[WhiteTeam "England 65"]
[BlackTeam "Germany 65"]
[WhiteTeamCountry "ENG"]
[BlackTeamCountry "GER"]

1. d4 Nf6 2. Nf3 g6 3. g3 Bg7 4. Bg2 0-0 5. 0-0 d5 6. c4 Nc6 7. cxd5 Nxd5 8. e4 Nb6 9. d5 Na5 10. Nc3 c6 11. dxc6 Qxd1 12. Nxd1 Nxc6 13. Bd2 Nc4 14. Bc3 Bg4 15. Nd2 Nxd2 16. Bxd2 Be2 17. Re1 Nd4 18. Ne3 e6 19. Bc3 Bb5 20. Kh1 Rfd8 21. Rad1 Nc6 22. Bxg7 Kxg7 23. Rxd8 Rxd8 24. Rd1 Rxd1+ 25. Nxd1 Nd4 26. Nc3 Bc6 27. Kg1 f5 28. exf5 exf5 29. Bxc6 Nxc6 30. f4 Kf7 31. Kf2 1/2-1/2

[Event "EUR-chT Seniors 65"]
[Site "Mali Losinj"]
[Date "2019.09.20"]
[Round "3.1"]
[White "Herbrechtsmeier, Christof"]
[Black "Kalegin, Evgenij"]
[Result "1/2-1/2"]
[WhiteElo "2210"]
[BlackElo "2435"]
[PlyCount "83"]
[EventDate "2019.09.18"]
[EventType "team-swiss"]
[EventRounds "9"]
[EventCountry "CRO"]
[SourceTitle "EXT 2020"]
[Source "ChessBase"]
[SourceDate "2019.10.17"]
[SourceVersion "1"]
[SourceVersionDate "2019.10.17"]
[SourceQuality "1"]
[WhiteTeam "Germany 65"]
[BlackTeam "Russia 65"]
[WhiteTeamCountry "GER"]
[BlackTeamCountry "RUS"]

1. e4 c5 2. Nf3 e6 3. d4 cxd4 4. Nxd4 a6 5. Nc3 b5 6. Bd3 Qb6 7. Nf3 Qc7 8. 0-0 Bb7 9. Re1 Be7 10. e5 f5 11. Nd4 g6 12. Bf4 Nc6 13. Nxf5 gxf5 14. Qh5+ Kf8 15. Bxf5 Nd8 16. Rad1 exf5 17. Qxf5+ Nf7 18. Rxd7 Qc6 19. Ne4 Qg6 20. Qxg6 hxg6 21. Rxb7 g5 22. Be3 Rh6 23. f4 gxf4 24. Bxf4 Re6 25. Rf1 Ke8 26. Ng3 Nxe5 27. Nh5 Bf8 28. Bg5 Nd7 29. Rxf8+ Kxf8 30. Rxd7 Rc8 31. Nf4 Rec6 32. c3 Nh6 33. Nd5 Nf7 34. Bf6 Re8 35. g4 Re4 36. h3 Ne5 37. Rd8+ Kf7 38. g5 Re2 39. Nf4 Re4 40. Nd5 Re6 41. Nc7 Rc6 42. Ne8 1/2-1/2

[Event "Baden Wuerttemberg-ch Seniors 65+ op"]
[Site "Freudenstadt"]
[Date "2019.07.09"]
[Round "5"]
[White "Herbrechtsmeier, Christof"]
[Black "Baum, Bernd"]
[Result "1/2-1/2"]
[WhiteElo "2214"]
[BlackElo "2177"]
[PlyCount "22"]
[EventDate "2019.07.05"]
[EventType "swiss"]
[EventRounds "9"]
[EventCountry "GER"]
[SourceTitle "EXT 2020"]
[Source "ChessBase"]
[SourceDate "2019.10.17"]
[SourceVersion "1"]
[SourceVersionDate "2019.10.17"]
[SourceQuality "1"]

1. e4 e6 2. d4 d5 3. Nc3 Nf6 4. Bg5 dxe4 5. Nxe4 Be7 6. Nxf6+ Bxf6 7. Bxf6 Qxf6 8. Nf3 0-0 9. c3 b6 10. Be2 Bb7 11. 0-0 Rd8 1/2-1/2

[Event "Verbandsliga Suedbaden 1819"]
[Site "Baden"]
[Date "2019.01.13"]
[Round "4.5"]
[White "Brennenstuhl, Oliver"]
[Black "Herbrechtsmeier, Christof"]
[Result "1/2-1/2"]
[WhiteElo "2061"]
[BlackElo "2279"]
[PlyCount "96"]
[EventDate "2018.10.14"]
[EventType "team-tourn"]
[EventRounds "9"]
[EventCountry "GER"]
[SourceTitle "EXT 2020"]
[Source "ChessBase"]
[SourceDate "2019.10.17"]
[SourceVersion "1"]
[SourceVersionDate "2019.10.17"]
[SourceQuality "1"]
[WhiteTeam "Lahr"]
[BlackTeam "Emmendingen II"]
[WhiteTeamCountry "GER"]
[BlackTeamCountry "GER"]

1. c4 Nf6 2. g3 d5 3. cxd5 Nxd5 4. Bg2 g6 5. Nc3 Nxc3 6. bxc3 Bg7 7. Nf3 0-0 8. Rb1 Nd7 9. 0-0 Nb6 10. Qb3 Be6 11. Qa3 Qd7 12. Ng5 Bd5 13. Ne4 Nc4 14. Qc5 e6 15. d3 b6 16. Qb5 Qxb5 17. Rxb5 Bxe4 18. Bxe4 Nd6 19. Rb3 Nxe4 20. dxe4 Rfd8 21. a4 Rd6 22. f3 Rad8 23. Bg5 R8d7 24. a5 Rc6 25. Rc1 h6 26. Be3 Bf8 27. Kf1 Kh7 28. Bf4 g5 29. axb6 cxb6 30. Be3 Bc5 31. Kf2 Rdc7 32. Bxc5 Rxc5 33. Ra1 Kg6 34. Rba3 Rxc3 35. Rxc3 Rxc3 36. Rxa7 e5 37. Rb7 Rb3 38. Rb8 b5 39. Rb6+ Kg7 40. Rb7 b4 41. Rb5 f6 42. Rb7+ Kg6 43. Rb8 h5 44. Rb7 Rb1 45. Kg2 b3 46. Kf2 g4 47. Kg2 gxf3+ 48. exf3 b2 1/2-1/2

[Event "Verbandsliga Suedbaden 1819"]
[Site "Baden"]
[Date "2018.12.02"]
[Round "3.4"]
[White "Feisst, Simon Anton"]
[Black "Herbrechtsmeier, Christof"]
[Result "1/2-1/2"]
[WhiteElo "2138"]
[BlackElo "2279"]
[PlyCount "79"]
[EventDate "2018.10.14"]
[EventType "team-tourn"]
[EventRounds "9"]
[EventCountry "GER"]
[SourceTitle "EXT 2020"]
[Source "ChessBase"]
[SourceDate "2019.10.17"]
[SourceVersion "1"]
[SourceVersionDate "2019.10.17"]
[SourceQuality "1"]
[WhiteTeam "Baden-Baden IV"]
[BlackTeam "Emmendingen II"]
[WhiteTeamCountry "GER"]
[BlackTeamCountry "GER"]

1. d4 Nf6 2. Nf3 g6 3. g3 Bg7 4. Bg2 0-0 5. 0-0 d5 6. b3 a5 7. a3 Bf5 8. Bb2 c6 9. Nbd2 Nbd7 10. Re1 a4 11. Rc1 Ne4 12. Nh4 Bh6 13. e3 Nxd2 14. Nxf5 gxf5 15. Qxd2 Nf6 16. Qd3 Ne4 17. Re2 Qb6 18. b4 Nd6 19. Rce1 e6 20. Rd1 Qa6 21. Bf1 Bg7 22. Ree1 Qa7 23. Qe2 b6 24. Bc1 c5 25. c3 Rfc8 26. Qh5 Qe7 27. Bd3 Qf6 28. Bd2 cxb4 29. cxb4 Qe7 30. f3 Qf6 31. g4 Qh6 32. Qxh6 Bxh6 33. gxf5 Nxf5 34. Kf2 f6 35. Ke2 Kf7 36. Rc1 Nd6 37. Rxc8 Rxc8 38. Rc1 Rxc1 39. Bxc1 b5 40. Bd2 1/2-1/2

[Event "Wch Seniors 65 28th"]
[Site "Bled"]
[Date "2018.11.21"]
[Round "4"]
[White "Brettschneider, Karl"]
[Black "Herbrechtsmeier, Christof"]
[Result "1/2-1/2"]
[WhiteElo "2016"]
[BlackElo "2247"]
[PlyCount "39"]
[EventDate "2018.11.18"]
[EventType "swiss"]
[EventRounds "11"]
[EventCountry "SLO"]
[SourceTitle "CBM 187 Extra"]
[Source "ChessBase"]
[SourceDate "2018.11.04"]
[SourceVersion "1"]
[SourceVersionDate "2018.11.04"]
[SourceQuality "1"]

1. c4 Nf6 2. Nc3 d5 3. cxd5 Nxd5 4. g3 g6 5. Bg2 Nxc3 6. bxc3 Bg7 7. d4 0-0 8. Rb1 Nd7 9. e4 Nb6 10. Ne2 Bd7 11. 0-0 Rc8 12. Qd3 Ba4 13. c4 c5 14. d5 e6 15. Nc3 exd5 16. Nxa4 Nxa4 17. exd5 Qd7 18. Bd2 Rfe8 19. Rfe1 Bd4 20. Qc2 1/2-1/2

[Event "Baden Wuerttemberg-ch Seniors op 4th"]
[Site "Freudenstadt"]
[Date "2018.06.22"]
[Round "8"]
[White "Khanukov, Boris"]
[Black "Herbrechtsmeier, Christof"]
[Result "1/2-1/2"]
[WhiteElo "2271"]
[BlackElo "2245"]
[PlyCount "87"]
[EventDate "2018.06.15"]
[EventType "swiss"]
[EventRounds "9"]
[EventCountry "GER"]
[SourceTitle "EXT 2019"]
[Source "ChessBase"]
[SourceDate "2018.10.10"]
[SourceVersion "1"]
[SourceVersionDate "2018.10.10"]
[SourceQuality "1"]

1. Nf3 Nf6 2. g3 g6 3. Bg2 Bg7 4. 0-0 d5 5. d4 0-0 6. c3 a5 7. a4 Re8 8. Bf4 Nh5 9. Bd2 Nd7 10. e4 dxe4 11. Ng5 h6 12. Nxe4 e5 13. Be3 f5 14. Nc5 Nxc5 15. dxc5 Qxd1 16. Rxd1 c6 17. f3 Be6 18. Nd2 Nf6 19. Bf1 Bd5 20. h3 g5 21. Bf2 Re7 22. Re1 Rae8 23. g4 fxg4 24. fxg4 e4 25. Nc4 Bxc4 26. Bxc4+ Kh8 27. Be3 Nd7 28. Rad1 Ne5 29. Be2 Rf7 30. Rf1 Rxf1+ 31. Kxf1 Rf8+ 32. Kg2 Nf3 33. Rf1 Nh4+ 34. Kg1 Ng6 35. Rd1 Nf4 36. Bf1 Nd5 37. Bd4 Bxd4+ 38. Rxd4 Re8 39. Be2 Nf4 40. Kf1 Re7 41. Rd6 Kg7 42. b4 axb4 43. cxb4 e3 44. Rd4 1/2-1/2

[Event "Baden Wuerttemberg-ch Seniors op 4th"]
[Site "Freudenstadt"]
[Date "2018.06.21"]
[Round "7"]
[White "Herbrechtsmeier, Christof"]
[Black "Szenetra, Werner"]
[Result "1-0"]
[WhiteElo "2245"]
[BlackElo "2223"]
[PlyCount "63"]
[EventDate "2018.06.15"]
[EventType "swiss"]
[EventRounds "9"]
[EventCountry "GER"]
[SourceTitle "EXT 2019"]
[Source "ChessBase"]
[SourceDate "2018.10.10"]
[SourceVersion "1"]
[SourceVersionDate "2018.10.10"]
[SourceQuality "1"]

1. e4 g6 2. d4 Bg7 3. Nc3 d6 4. f4 a6 5. Nf3 b5 6. Bd3 Bb7 7. 0-0 Nd7 8. e5 Nh6 9. Be4 Bxe4 10. Nxe4 d5 11. Nf2 e6 12. g4 c5 13. c3 Rc8 14. h3 cxd4 15. cxd4 Ng8 16. f5 gxf5 17. gxf5 exf5 18. Bg5 Qb6 19. Rc1 Rxc1 20. Qxc1 Ne7 21. Re1 Nf8 22. Nh4 Ne6 23. Kf1 Nxg5 24. Qxg5 Qh6 25. Qxe7+ Kxe7 26. Nxf5+ Ke6 27. Nxh6 Bxh6 28. Nd3 Rg8 29. Nc5+ Kf5 30. e6 fxe6 31. Re5+ Kf4 32. Kf2 1-0